| 000 | 02210nam a2200409 i 4500 | ||
|---|---|---|---|
| 003 | DO-SdBNP | ||
| 005 | 20250929152737.0 | ||
| 007 | ta | ||
| 008 | 240614e2023 dr adb|| |||| 00| e spa d | ||
| 020 | _a9789945917451 (Obra completa) | ||
| 040 |
_aDO-SdBNP _bspa _cBNPHU _erda |
||
| 041 | _aspa | ||
| 082 | 4 |
_a972.93 _bH431e _222 |
|
| 100 |
_aGonzález, Raymundo _eautor _4aut. _96373 |
||
| 245 | 0 | 0 |
_aHaciendas, esclavitud y campesinado en Santo Domingo (Siglo XVIII) : _bdocumentos para la historia rural dominicana / _cRaymundo González ; corrector de estilo, Miriam Melo ; presentacion, Bolívar Troncoso Morales, Juan Daniel Balcácer. |
| 250 | _aPrimera edición | ||
| 264 | 1 |
_aSanto Domingo, República Dominicana : _bInstituto Panamericano de Geografía e Historia; _bAcademia Dominicana de la Historia, _c2023. |
|
| 300 |
_a4 volúmenes : _bilustraciones, gráficos, mapas ; _c23 cm. |
||
| 336 |
_atexto _btxt _2rdacontent |
||
| 337 |
_asin mediación _bn _2rdamedia |
||
| 338 |
_avolumen _bnc _2rdacarrier |
||
| 500 | _aIncluye datos biográficos del autor en la solapa de la cubierta. | ||
| 500 | _aIncluye referencias bibliográficas y notas al pie de las páginas. | ||
| 505 |
_av. 1-- _tHaciendas y esclavitud 1689-1796 -- _gv. 2 _t Reforma de la propiedad: La Comisión Luyando 1767 - 1774 -- _gv. 3 _tInformes sobre rentas eclesiásticas 1784 -- _gv. 4 _t Violencia rural : El Comegente o Negro incógnito 1790 - 1794. |
||
| 590 | _aInventariado 2024 / MF | ||
| 650 | 4 |
_aEsclavitud _zRepública Dominicana _vFuentes _986049 |
|
| 650 | 4 |
_aCampesinos _zRepública Dominicana _xHistoria _vFuentes _986050 |
|
| 651 | 4 |
_aRepública Dominicana _xHistoria _vFuentes _912109 |
|
| 651 | 4 |
_aRepública Dominicana _xCondiciones rurales _xHistoria _986051 |
|
| 700 | 1 |
_aMelo, Miriam, _ecorrector _4corr. _984185 |
|
| 700 | 1 |
_aTroncoso Morales, Bolívar, _910922 _epresentación _4pr. |
|
| 700 | 1 |
_aBalcácer, Juan Daniel, _d1949- _epresentación _4pr. _96566 |
|
| 710 | 1 |
_aSección Nacional Dominicana del Instituto Panamericano de Geografía e Historia (IPGH), República Dominicana _973506 |
|
| 710 | 2 |
_aAcademia Dominicana de la Historia _9777 |
|
| 910 | _aValidado. Control de calidad MFF | ||
| 942 |
_2ddc _cLBS1 |
||
| 999 |
_c56854 _d56854 |
||